| 000 | 00749nam a2200265Ia 4500 | ||
|---|---|---|---|
| 001 | Para_2057 | ||
| 003 | CHAP | ||
| 008 | 220125s1997 xx 000 0 und d | ||
| 010 | _a200690 | ||
| 040 | _cCHAP | ||
| 082 | _aPA 631.586 I2 | ||
| 100 |
_aIbarra Jiménez, Luis _957171 |
||
| 245 |
_aAcolchado de suelos con películas plásticas / _c por Luis Ibarra Jiménez y Antonio Rodríguez Peña |
||
| 260 |
_aMéxico, D.F. : _b Limusa |
||
| 300 | _a131 p. | ||
| 650 |
_aAcolchado de suelos _9623 |
||
| 700 |
_aRodríguez Peña, Antonio _9165566 |
||
| 901 | _aPA 631.586 I2 | ||
| 902 | _aA | ||
| 905 | _a0000001997 0000000000 00 | ||
| 910 | _a1997 | ||
| 942 | _cPARA | ||
| 942 |
_cPARA _d1 |
||
| 999 |
_c200690 _d200690 |
||